Thể dục thư giãn: Phương pháp tập duỗi người toàn diện

Bewaard in:
Bibliografische gegevens
Formaat: Boek
Taal:Undetermined
Gepubliceerd in: H. Văn Hoá 1997
Onderwerpen:
Tags: Voeg label toe
Geen labels, Wees de eerste die dit record labelt!
Thư viện lưu trữ: Trung tâm Học liệu Trường Đại học Cần Thơ
LEADER 00490nam a2200157Ia 4500
001 CTU_53237
008 210402s9999 xx 000 0 und d
082 |a 613.71 
082 |b Th250 
245 0 |a Thể dục thư giãn: Phương pháp tập duỗi người toàn diện 
245 0 |c Biên dịch Lê Bình Phương 
260 |a H. 
260 |b Văn Hoá 
260 |c 1997 
650 |a physical fitness 
980 |a Trung tâm Học liệu Trường Đại học Cần Thơ